New technical qualifications in housing maintenance (Record no. 78320)
[ view plain ]
| 000 -LEADER | |
|---|---|
| fixed length control field | 00998cab a2200205 4500 |
| 001 - CONTROL NUMBER | |
| control field | ##L136507 |
| 008 - FIXED-LENGTH DATA ELEMENTS--GENERAL INFORMATION | |
| fixed length control field | 070205n2007 000 0 eng u |
| 035 ## - SYSTEM CONTROL NUMBER | |
| System control number | (Sirsi) u136507 |
| 041 0# - LANGUAGE CODE | |
| Language code of text/sound track or separate title | eng |
| 110 2# - MAIN ENTRY--CORPORATE NAME | |
| Corporate name or jurisdiction name as entry element | Chartered Institute of Building |
| 9 (RLIN) | 2134 |
| 245 00 - TITLE STATEMENT | |
| Title | New technical qualifications in housing maintenance |
| Medium | [electronic resource] |
| 260 ## - PUBLICATION, DISTRIBUTION, ETC. | |
| Date of publication, distribution, etc. | 2007 |
| 490 #0 - SERIES STATEMENT | |
| Series statement | CIOB News Release |
| Volume/sequential designation | 31 January 2007 |
| 520 ## - SUMMARY, ETC. | |
| Summary, etc. | The new professional qualifications set up jointly by the CIOB and the CIH aim to provide a coherent programme of education for housing maintenance professionals in the social housing sector. The qualifications range from a Level 2 (GCSE equivalent) to a Level 4 Certificate/Diploma programme (HNC equivalent) covering maintenance management or development. |
| 590 ## - LOCAL NOTE (RLIN) | |
| Local note | KA |
| 651 #4 - SUBJECT ADDED ENTRY--GEOGRAPHIC NAME | |
| Geographic name | United Kingdom |
| Chronological subdivision | |
| 690 ## - LOCAL SUBJECT ADDED ENTRY--TOPICAL TERM (OCLC, RLIN) | |
| Topical term or geographic name as entry element | CAREERS, EDUCATION AND TRAINING |
| 856 40 - ELECTRONIC LOCATION AND ACCESS | |
| Uniform Resource Identifier | <a href="https://www.ciob.org.uk/news/view/1301">https://www.ciob.org.uk/news/view/1301</a> |
| Public note | View the item free of charge at www.ciob.org.uk... |
| 942 ## - ADDED ENTRY ELEMENTS (KOHA) | |
| Suppress in OPAC | 0 |
| Withdrawn status | Lost status | Source of classification or shelving scheme | Damaged status | Not for loan | Home library | Current library | Shelving location | Date acquired | Total Checkouts | Full call number | Barcode | Date last seen | Copy number | Price effective from | Koha item type |
|---|---|---|---|---|---|---|---|---|---|---|---|---|---|---|---|
| Dewey Decimal Classification | Virtual | Virtual | Online | 05/02/2007 | ONLINE PUBLICATION | 136507-2001 | 06/08/2019 | 1 | 06/08/2019 | Journal article |